Top 10 Länder nach Goldproduktion - Statistiken

Allgemein
  • Dieses Quiz wurde 61 mal gespielt
  • Das Durchschnittsergebnis liegt bei 7 aus 10
Antwortstatistiken
Platz
Abbaumenge in Tonnen
Land % Korrekt
5 160 Vereinigte Staaten
98%
1 380 China
91%
4 200 Kanada
91%
2 310 Russland
91%
8 130 Mexiko
86%
3 290 Australien
84%
10 100 Indonesien
55%
7 130 Kasachstan
46%
9 120 Usbekistan
20%
6 130 Ghana
13%
Keine übereinstimmenden Quizze gefunden
Verteilung der Resultate
Anzahl Personen mit jedem Resultat
Perzentil nach korrekt beantworteten Fragen
Ihre Resultats-Entwicklung
Sie haben dieses Quiz noch nicht gespielt